000 00295nam a2200133Ia 4500
100 _aSen/& Bhattacharya
942 _cBK
654 _aMachine
245 _aPrinciples of Machine Tools I
260 _bNew central book agency
_aNONE
_c1967
300 _a954
546 _aENGLISH
999 _c35234
_d35234